书目信息 |
| 题名: |
习近平谈治国理政
|
|
| 作者: | 习近平著 , 英文翻译组 译 | |
| 分册: | 第一卷 | |
| 出版信息: | 北京 外文出版社 2018.01 |
|
| 页数: | 515页 | |
| 开本: | 20cm | |
| 丛书名: | ||
| 单 册: | ||
| 中图分类: | D2-0:H | |
| 科图分类: | ||
| 主题词: | 中国共产党 | |
| 电子资源: | ||
| ISBN: | 978-7-119-11394-4 | |
| 000 | 00727nam0 2200229 450 | |
| 001 | 2258649560 | |
| 005 | 20221104090709.09 | |
| 010 | @a978-7-119-11394-4@dCNY80.00 | |
| 100 | @a20220407d2018 km y0chiy0120 ea | |
| 101 | 0 | @achi |
| 102 | @aCN@b110000 | |
| 200 | 1 | @a习近平谈治国理政@AXi Jin Ping Tan Zhi Guo Li Zheng@e英文版@h第一卷@f习近平著,英文翻译组译@FXi Jin Ping Zhu,Ying Wen Fan Yi Zu Yi |
| 205 | @a2版 | |
| 210 | @a北京@c外文出版社@d2018.01 | |
| 215 | @a515页@d20cm | |
| 517 | 1 | @a英文版@AYing Wen Ban |
| 606 | 0 | @a中国共产党 |
| 690 | @aD2-0:H@v4 | |
| 701 | 0 | @a习近平著@AXi Jin Ping Zhu@4译 |
| 701 | 0 | @a英文翻译组@AYing Wen Fan Yi Zu@4译 |
| 801 | 0 | @aCN@b河南城建学院图书馆@c20220407 |
| 905 | @dD2-0:H@eX151:1=2 | |
| 习近平谈治国理政:英文版.第一卷/习近平著,英文翻译组译.-2版.-北京:外文出版社,2018.01 |
| 515页;20cm |
| ISBN 978-7-119-11394-4:CNY80.00 |
| ● |
| 相关链接 |
|
|
|
正题名:习近平谈治国理政
索取号:D2-0:H/X151:1=2
 
预约/预借
| 序号 | 登录号 | 条形码 | 馆藏地/架位号 | 状态 | 备注 |
| 1 | 1503981 | 215039811 | 国际教育学院资料室/ [索取号:D2-0:H/X151:1=2] | 在馆 | |
| 2 | 1503982 | 215039820 | 国际教育学院资料室/ [索取号:D2-0:H/X151:1=2] | 在馆 | |
| 3 | 1507389 | 215073890 | 外国语学院资料室/ [索取号:D2-0:H/X151:1=2] | 在馆 | |
| 4 | 1507390 | 215073907 | 外国语学院资料室/ [索取号:D2-0:H/X151:1=2] | 在馆 | |
| 5 | 1507391 | 215073916 | 外国语学院资料室/ [索取号:D2-0:H/X151:1=2] | 在馆 | |
| 6 | 1507392 | 215073925 | 外国语学院资料室/ [索取号:D2-0:H/X151:1=2] | 在馆 |